000 00397nam a2200145Ia 4500
008 150201s1997 xx 000 0 und d
082 _a612.015
_bB1997C
100 _aCHAWLA,RANJNA
245 _aPRACTICAL CLINICAL BIOCHEMISTRY METHODS AND INTERPRETATIONS
250 _a2ND
260 _bJAYPEE MEDICAL PUBLISHER
_aBANGALORE
_c1997
300 _a1-267
650 _aBIOCHEMISTRY
942 _2ddc
_cBK
999 _c2543
_d2543